000 00319nam a2200121Ia 4500
008 190216s9999||||xx |||||||||||||| ||und||
100 _aGoel & Gupta
245 0 _aCombined Defence Services Examination
260 _bYoung Man & Co
_c1985
300 _a313p
650 _aCombined Defence Service Exam
942 _cREF
999 _c35552
_d35552